Medical Negligence Bangladesh Perspective /

Detalles Bibliográficos
Autor principal: Hossini, Rafiqul Islam
Formato: eBook
Lenguaje:inglés
Publicado: Daca: Scholars' Press, 2019
Materias:
Acceso en línea:Acceso restringido

MARC

LEADER 00000nam a22000007a 4500
005 20190919215758.0
007 cr|||| ||||
008 190919s2019 bd |||||s|||| 00||0 eng d
020 |a 9786138815785 
035 |a 29361 
040 |a vLex 
090 |c 9590  |d 9590 
100 1 |a Hossini, Rafiqul Islam 
245 1 0 |a Medical Negligence  |h [Recurso electrn̤ico] :  |b Bangladesh Perspective /  |c Rafiqul Islam Hossini 
256 |a Servicio en ln̕ea 
260 |a Daca:  |b Scholars' Press,  |c 2019 
300 |a 1 recurso electrn̤ico 
500 |a Medical negligence is directly connected to right to life and medical care which is a significant human rights issue in Bangladesh. In Bangladesh there are a number of incidences against which no legal actions are brought. Unaccountably of medical professionals leads to raise dissatisfaction of patients and general people in connection with health care sector in Bangladesh. There are some existing laws in Bangladesh that deal with the remedies for medical negligence incidences; but the remedies are not provided as expected as it should be. Due to loopholes in the existing legal provisions and due to poor management and litigation procedure for medical negligence; such instances are still occurring and are given impunity by not bringing any legal actions against medical professionals. It is a demand of time to check medical negligence instances and medical professional’s variation from standard of care; moreover, to take legal actions against such medical malpractices in Bangladesh. 
506 1 |a Disponible solo en los productos indicados  |d vLex Global  |d vLex Global (Academic Edition, excluding Law Schools)  |d vLex Global (U.S. Academic Edition, Law Schools)  |d vLex Global (U.S. Academic Edition, excluding Law Schools)  |d vLex Global (Academic Edition, Law Schools) 
650 0 4 |a Derecho Pb︢lico y Administrativo  |z Bangladesh 
740 0 |a vLex Libros (Servicio en ln̕ea) 
856 4 0 |u http://vlex.com/source/29361  |z Acceso restringido 
942 |c BOOK 
999 0 |a Public and Administrative Law